000 00666nam a2200205 a 4500
005 20210219160511.0
008 081109s2000 mx r 000 0 spa d
035 _aUPN01000166941
049 _aUNE
080 _a362.7 (100) =20=40 BRO No.188.
100 1 _aBronfenbrenner, Urie
245 1 4 _aLes Enfants, qui s'en soucie? = Who cares for children?/ Urie Bronfenbrenner.
260 _aParis : UNESCO; New York : UNICEF; Rome : WFP, 1989.
300 _apág. irregular.
440 0 _aNotes, comments...; 188
690 _aInfancia- Educacion y desarrollo
690 _aPsicologia del niño
690 _aNiños- Educacion y desarrollo
905 _aUNESCO
999 _c139052
_d139052